The epic of Gilgamesh
Guardat en:
| Autor principal: | |
|---|---|
| Format: | Llibre |
| Idioma: | anglès |
| Publicat: |
Harmondsworth
Penguin Books
1960
|
| Matèries: | |
| Etiquetes: |
Afegir etiqueta
Sense etiquetes, Sigues el primer a etiquetar aquest registre!
|
MARC
| LEADER | 00000nam a2200000 a 4500 | ||
|---|---|---|---|
| 001 | UCO5553 | ||
| 003 | CL-VaPUC | ||
| 008 | 000908e19600000uk |||||||||||||||||eng|d | ||
| 082 | 0 | 4 | |a 899.95 |b SAN |2 21 |
| 100 | 0 | |a Sandars, N. K |e author |9 450250 | |
| 245 | 1 | 4 | |a The epic of Gilgamesh |
| 300 | |a 127 p | ||
| 942 | |c BK | ||
| 945 | |d 20000908 00:00:00 |a crobeson | ||
| 260 | |a Harmondsworth |b Penguin Books |c 1960 | ||
| 650 | 7 | |a POESIAS SUMERIAS |2 CL-VaPUC |9 450251 | |
| 650 | 7 | |a LITERATURA SUMERIA |2 CL-VaPUC |9 450252 | |
| 583 | |a last modification |c 20171204 02:16:03 |k Rodrigo Vera | ||
| 999 | |c 291409 |d 291407 | ||
| 952 | |0 0 |1 0 |4 0 |6 899_950000000000000_SAN_1960 |7 0 |8 A |9 341242 |a BIBART |b BIBART |d 2019-11-20 |i 1221582 |o 899.95 SAN 1960 |p 1221582 |r 2025-03-13 |w 2019-11-20 |y BK |k ART | ||